| 000 | 00497nam a2200169Ia 4500 | ||
|---|---|---|---|
| 008 | 230917s9999||||xx |||||||||||||| ||und|| | ||
| 020 | _cGBP 48.99 (RS 4560.48) | ||
| 040 |
_e5015901 _aMAIN |
||
| 041 | _aEnglish | ||
| 082 | _a658.4092 K485W | ||
| 100 | _aKessler, Eric H | ||
| 245 | 0 | _aWise leadership: A toolbox for sustainable success | |
| 260 |
_aNew York _bRoutledge _c2021 |
||
| 300 | _axii, 360 p. | ||
| 500 | _a4585 17/10/2022 RK22/1745 19/10/2022 IMSAR (Dev. & Research) | ||
| 942 | _cBK | ||
| 999 |
_c5933 _d5933 |
||